[Event "British Chess Championships 2023: Weekend Tournament Penrose"]
[Site "De Montfort University, 20 Western Boulevard, Leicester, LE2 7BU"]
[Date "2023.07.22"]
[Round "2"]
[Board "15"]
[White "O'gorman, Brendan"]
[Black "Gnanagurusamy, Ganeshbabu"]
[Result "0-1"]
[WhiteElo "1779"]
[BlackElo "1896"]
[PlyCount "0"]
[EventDate "2023.07.21"]
[EventRounds "5"]
[EventCountry "ENG"]

1. c4 Nf6 2. Nc3 c6 3. g3 d5 4. Bg2 d4 5. Nb1 e5 6. d3 Bd6 7. Nf3 O-O 8. O-O h6 9.
Nbd2 c5 10. a3 Nc6 11. Qc2 Be6 12. Ne4 Nh7 13. Nxd6 Qxd6 14. Bd2 a5 15. e3 a4 16.
exd4 exd4 17. Rae1 Nf6 18. Qc1 Kh7 19. Bf4 Qd7 20. Ne5 Nxe5 21. Bxe5 Ng4 22. Bf4
Rae8 23. Be4+ Bf5 24. Bxf5+ Qxf5 25. Qd2 Re6 26. f3 Nf6 27. Rxe6 Qxe6 28. Re1 Qc6
29. Qf2 Re8 30. Rxe8 Qxe8 31. Kf1 b5 32. Qc2 g5 33. Bd6 Qc6 34. Be7 bxc4 35. dxc4+
Kg7 36. Qf5 Nd7 37. h4 gxh4 38. Qg4+ Kh8 39. Bxh4 Ne5 40. Qe4 Qxe4 41. fxe4 Nxc4
42. Be7 Nd2+ 43. Ke2 Nb3 44. Kd3 Kg7 45. g4 Kg6 46. e5 h5 47. gxh5+ Kxh5 48. Ke4
Kg4 49. Bf6 c4 50. Be7 d3 51. Ke3 Kf5 52. Bd6 Ke6 53. Bc7 Kd5 54. Bb8 Nd4  0-1

[Event "British Chess Championships 2023: Weekend Tournament Penrose"]
[Site "De Montfort University, 20 Western Boulevard, Leicester, LE2 7BU"]
[Date "2023.07.22"]
[Round "2"]
[Board "16"]
[White "Gartside, Carl"]
[Black "Cole, Graham L"]
[Result "1-0"]
[WhiteElo "1895"]
[BlackElo "1756"]
[PlyCount "0"]
[EventDate "2023.07.21"]
[EventRounds "5"]
[EventCountry "ENG"]

1. d4 Nf6 2. Nf3 g6 3. Nc3 d5 4. Bf4 Bg7 5. e3 O-O 6. Be2 c5 7. O-O Nc6 8. Ne5 Nd7
9. Nxd5 Ndb8 10. Nxc6 Nxc6 11. dxc5 Bxb2 12. Rb1 Bg7 13. Nc7 e5 14. Nxa8 exf4 15.
Qxd8 Rxd8 16. Rfd1 Rxd1+ 17. Rxd1 fxe3 18. fxe3 Be6 19. Bf3 Bxa2 20. Bxc6 bxc6 21.
Rd8+ Bf8 22. Nc7 f5 23. Kf2 Kg7 24. Ne8+ Kh6 25. Nd6 Bg7 26. Rd7 f4 27. Rxa7 fxe3+
28. Kxe3 Bd5 29. g4 Bf6 30. Ne4 Bb2 31. g5+ Kh5 32. Rxh7+ Kg4 33. Nf6+ Kxg5 34. Nxd5
cxd5 35. c6  1-0

[Event "British Chess Championships 2023: Weekend Tournament Penrose"]
[Site "De Montfort University, 20 Western Boulevard, Leicester, LE2 7BU"]
[Date "2023.07.22"]
[Round "2"]
[Board "17"]
[White "Ashworth, Robert M"]
[Black "London, Nick J"]
[Result "0-1"]
[WhiteElo "1880"]
[BlackElo "1722"]
[PlyCount "0"]
[EventDate "2023.07.21"]
[EventRounds "5"]
[EventCountry "ENG"]

1. e4 c5 2. Nf3 e6 3. c3 d5 4. exd5 exd5 5. d4 Nf6 6. Bg5 h6 7. Bh4 cxd4 8. Nxd4
Be7 9. Bd3 Nc6 10. Nf3 O-O 11. O-O Bg4 12. Nbd2 d4 13. Nc4 dxc3 14. bxc3 Nd5 15.
Bxe7 Qxe7 16. Rc1 Qf6 17. Ncd2 Ne5 18. Be2 Nf4 19. Re1 Ned3 20. Ne4 Qd8 21. Nd4 Nxe2+
22. Nxe2 Nxc1 23. Qxc1 Bxe2 24. Rxe2 Rc8 25. Rd2 Qc7 26. Rd3 Rfd8 27. Rg3 Qc6 28.
Nd2 Rd6 29. Nf1 Rcd8 30. Ne3 Rd3 31. c4 b5 32. c5 a5 33. h3 b4 34. Qb2 Rc3 35. Nf5
Qf6 36. Nxg7 Kf8 37. Nh5 Qe5 38. Ng7 Qe1+ 39. Kh2 Rd1 40. Re3 Qg1+ 41. Kg3 Rxe3+
42. fxe3 Qxe3+ 43. Kh2 Qf4+ 44. g3 Rd2+  0-1

[Event "British Chess Championships 2023: Weekend Tournament Penrose"]
[Site "De Montfort University, 20 Western Boulevard, Leicester, LE2 7BU"]
[Date "2023.07.22"]
[Round "2"]
[Board "18"]
[White "Veselow, Zoe"]
[Black "Khan, Mohammed"]
[Result "1-0"]
[WhiteElo "1720"]
[BlackElo "1873"]
[PlyCount "0"]
[EventDate "2023.07.21"]
[EventRounds "5"]
[EventCountry "ENG"]

1. e4 e5 2. Nf3 Nc6 3. Bc4 Bc5 4. c3 Nf6 5. d3 O-O 6. O-O h6 7. Nbd2 d6 8. h3 a6
9. Bb3 Qe7 10. Re1 Ba7 11. Nf1 Be6 12. Bc2 Nh7 13. Ng3 f5 14. exf5 Bxf5 15. Nxf5
Rxf5 16. d4 Rf6 17. Be3 e4 18. d5 exf3 19. dxc6 Bxe3 20. Rxe3 Qf8 21. cxb7 Rb8 22.
Rxf3 Rxf3 23. gxf3 Ng5 24. Kg2 Kh8 25. Qd5 Qe8 26. Bf5 g6 27. Bc8 Rxc8 28. bxc8=Q
Qxc8 29. Qd4+ Kh7 30. Qg4 Qe8 31. Kf1 Kg7 32. b3 Qc6 33. Qd4+ Kf7 34. Qc4+ Qxc4+
35. bxc4 Nxf3 36. Ke2 Ne5 37. Rb1 Ke6 38. Rb7 Kd7 39. Ra7 a5 40. Rxa5 Nxc4 41. Ra4
d5 42. Ra6 Nb6 43. Kd3 Kd6 44. a4 Kc6 45. a5 Kb7 46. axb6 Kxa6 47. bxc7 Kb7 48. Kd4
Kxc7  1-0

[Event "British Chess Championships 2023: Weekend Tournament Penrose"]
[Site "De Montfort University, 20 Western Boulevard, Leicester, LE2 7BU"]
[Date "2023.07.22"]
[Round "2"]
[Board "19"]
[White "Salazar Eyre, Emma"]
[Black "Masani, Matthew M"]
[Result "1/2-1/2"]
[WhiteElo "1711"]
[BlackElo "1862"]
[PlyCount "77"]
[EventDate "2023.07.21"]
[EventRounds "5"]
[EventCountry "ENG"]

1. e4 d5 2. exd5 Nf6 3. d4 Bg4 4. Be2 Bxe2 5. Qxe2 Qxd5 6. Nf3 e6 7. Nc3 Bb4 8. Bd2
Bxc3 9. Bxc3 O-O 10. O-O Nbd7 11. Rfe1 Qf5 12. Bb4 Rfe8 13. c4 Rad8 14. Nh4 Qf4 15.
Nf3 Nf8 16. Qe3 Ng6 17. Qxf4 Nxf4 18. Rad1 Nd7 19. Re4 Ng6 20. Rde1 Nf6 21. R4e3
c6 22. b3 Rd7 23. Bc3 Red8 24. Ne5 Nxe5 25. Rxe5 b6 26. h3 Rd6 27. R5e3 Nd7 28. Rg3
f6 29. c5 bxc5 30. dxc5 Nxc5 31. Bxf6 R8d7 32. Bc3 g6 33. Rge3 Nd3 34. Rd1 Kf7 35.
Rf3+ Ke8 36. Re3 Kf7 37. Rf3+ Ke8 38. Re3 Kf7 39. Rf3+  1/2-1/2

[Event "British Chess Championships 2023: Weekend Tournament Penrose"]
[Site "De Montfort University, 20 Western Boulevard, Leicester, LE2 7BU"]
[Date "2023.07.22"]
[Round "2"]
[Board "20"]
[White "Clegg, Robert"]
[Black "Knight, Christopher J"]
[Result "1/2-1/2"]
[WhiteElo "1860"]
[BlackElo "1718"]
[PlyCount "58"]
[EventDate "2023.07.21"]
[EventRounds "5"]
[EventCountry "ENG"]

1. d4 c5 2. d5 Nf6 3. c4 e6 4. Nc3 exd5 5. cxd5 d6 6. e4 g6 7. f4 Bg7 8. Bb5+ Nfd7
9. a4 a6 10. Be2 O-O 11. Nf3 Re8 12. Qc2 Nf6 13. O-O Bg4 14. Bd2 Nbd7 15. h3 Bxf3
16. Bxf3 Rb8 17. Be2 Qe7 18. Bd3 c4 19. Bxc4 Nxe4 20. Rae1 f5 21. Nxe4 fxe4 22. Bc3
Rbc8 23. Be2 Bd4+ 24. Kh1 Bxc3 25. bxc3 Qf6 26. Rc1 Nb6 27. Qb3 Nd7 28. Qxb7 Nc5
29. Qb4 Rb8  1/2-1/2

[Event "British Chess Championships 2023: Weekend Tournament Penrose"]
[Site "De Montfort University, 20 Western Boulevard, Leicester, LE2 7BU"]
[Date "2023.07.22"]
[Round "2"]
[Board "21"]
[White "Thorburn, Richard"]
[Black "Coleman, Frederick"]
[Result "0-1"]
[WhiteElo "1684"]
[BlackElo "1850"]
[PlyCount "98"]
[EventDate "2023.07.21"]
[EventRounds "5"]
[EventCountry "ENG"]

1. d4 d5 2. c4 e6 3. Nf3 Nf6 4. g3 Be7 5. Bg2 O-O 6. O-O Nbd7 7. Qc2 c6 8. Nbd2 b6
9. Rd1 Bb7 10. e4 dxc4 11. e5 Nd5 12. Nxc4 c5 13. Qe2 Rc8 14. Ne3 Qc7 15. Nxd5 Bxd5
16. Bf4 c4 17. Ne1 Qb7 18. Bxd5 Qxd5 19. Rac1 b5 20. Nc2 Nb6 21. Ne3 Qe4 22. f3 Qb7
23. h4 Rfd8 24. h5 Nd5 25. Nxd5 Rxd5 26. g4 Rcd8 27. Be3 Qd7 28. Rf1 Bb4 29. Rc2
Ba5 30. Rd1 Rxe5 31. dxe5 Qxd1+ 32. Qxd1 Rxd1+ 33. Kf2 a6 34. b3 c3 35. Ke2 Rd5 36.
f4 b4 37. g5 Bd8 38. Kf3 f6 39. exf6 gxf6 40. Rg2 Kf7 41. g6+ hxg6 42. hxg6+ Kg7
43. Ke4 f5+ 44. Kf3 Bf6 45. Bc1 Rd3+ 46. Ke2 Rh3 47. Be3 Rh1 48. Kd3 Re1 49. Rg3
Rd1+  0-1

[Event "British Chess Championships 2023: Weekend Tournament Penrose"]
[Site "De Montfort University, 20 Western Boulevard, Leicester, LE2 7BU"]
[Date "2023.07.22"]
[Round "2"]
[Board "22"]
[White "Lawrence, Spencer"]
[Black "Chiang, Richard"]
[Result "1/2-1/2"]
[WhiteElo "1849"]
[BlackElo "1715"]
[PlyCount "80"]
[EventDate "2023.07.21"]
[EventRounds "5"]
[EventCountry "ENG"]

1. d4 Nf6 2. Nf3 g6 3. g3 Bg7 4. Bg2 O-O 5. O-O d5 6. c4 dxc4 7. Na3 c3 8. bxc3 c5
9. Rb1 Nc6 10. Ne5 Nxe5 11. dxe5 Ng4 12. f4 Rb8 13. Qa4 a6 14. Rd1 Qc7 15. Nc4 b5
16. Qa5 Qa7 17. Ne3 c4 18. Rd4 f6 19. Nxg4 Bxg4 20. Be3 Qc5 21. Kf2 Qc8 22. exf6
Bxf6 23. Rd5 Be6 24. Rd2 Bf5 25. Rbd1 e5 26. Kg1 Re8 27. Ba7 exf4 28. Bxb8 Qxb8 29.
Rd6 Qa7+ 30. Kh1 Kg7 31. Bc6 Qe3 32. Bf3 Bxc3 33. Qxa6 Be4 34. Rd7+ Kh6 35. Qa7 Bxf3+
36. exf3 Qxf3+ 37. Kg1 Qe3+ 38. Kh1 Qf3+ 39. Kg1 Qe3+ 40. Kh1 Qf3+  1/2-1/2

[Event "British Chess Championships 2023: Weekend Tournament Penrose"]
[Site "De Montfort University, 20 Western Boulevard, Leicester, LE2 7BU"]
[Date "2023.07.22"]
[Round "2"]
[Board "23"]
[White "Bradley, William"]
[Black "Rastogi, Nayan Keats"]
[Result "1-0"]
[WhiteElo "1839"]
[BlackElo "1677"]
[PlyCount "57"]
[EventDate "2023.07.21"]
[EventRounds "5"]
[EventCountry "ENG"]

1. e4 c5 2. Nc3 d6 3. f4 g6 4. Nf3 Bg7 5. Bb5+ Bd7 6. Bc4 Nc6 7. O-O e6 8. d3 Nd4
9. Ne2 b5 10. Bb3 Ne7 11. Nexd4 cxd4 12. Qe1 O-O 13. Bd2 Nc6 14. a4 a6 15. axb5 axb5
16. Qg3 Na5 17. Ba2 Qb6 18. Qh4 b4 19. f5 exf5 20. Ng5 h6 21. Nxf7 Rxf7 22. Bxf7+
Kxf7 23. exf5 Bxf5 24. g4 Bf6 25. Qg3 Rg8 26. Qf3 Qc5 27. gxf5 Qxf5 28. Rxa5 Qxf3
29. Rxf3  1-0

[Event "British Chess Championships 2023: Weekend Tournament Penrose"]
[Site "De Montfort University, 20 Western Boulevard, Leicester, LE2 7BU"]
[Date "2023.07.22"]
[Round "2"]
[Board "24"]
[White "Shivakumar, Akshath"]
[Black "Pradhan, Abhishek"]
[Result "1/2-1/2"]
[WhiteElo "1664"]
[BlackElo "1836"]
[PlyCount "68"]
[EventDate "2023.07.21"]
[EventRounds "5"]
[EventCountry "ENG"]

1. d4 f5 2. Bg5 Nf6 3. Bxf6 exf6 4. Nf3 Nc6 5. e3 g6 6. Bd3 Bg7 7. h4 h5 8. Nbd2
d5 9. c4 Be6 10. cxd5 Bxd5 11. Qe2 Nb4 12. a3 Nxd3+ 13. Qxd3 c6 14. O-O Kf7 15. e4
fxe4 16. Nxe4 Bh6 17. Rfe1 Re8 18. Re2 Bxe4 19. Rxe4 Rxe4 20. Qxe4 Qe7 21. Qd3 Kg7
22. Re1 Qd7 23. Qb3 Rf8 24. Qd3 Rf7 25. Re4 Qd5 26. Qe2 Bc1 27. Re7 Rxe7 28. Qxe7+
Qf7 29. Qb4 Qd7 30. Qc5 Bxb2 31. Qxa7 Qe7 32. a4 Kf7 33. a5 Ba3 34. a6 bxa6  1/2-1/2

[Event "British Chess Championships 2023: Weekend Tournament Penrose"]
[Site "De Montfort University, 20 Western Boulevard, Leicester, LE2 7BU"]
[Date "2023.07.22"]
[Round "2"]
[Board "25"]
[White "Norris, Zack"]
[Black "Ashton, Alannah"]
[Result "0-1"]
[WhiteElo "1657"]
[BlackElo "1824"]
[PlyCount "64"]
[EventDate "2023.07.21"]
[EventRounds "5"]
[EventCountry "ENG"]

1. c4 c5 2. Nc3 e6 3. e3 d5 4. d4 Nf6 5. Nf3 Nc6 6. cxd5 exd5 7. Bb5 Bd7 8. dxc5
Bxc5 9. Nxd5 Nxd5 10. Qxd5 Qa5+ 11. Bd2 Qxb5 12. Rc1 Nb4 13. Ne5 Nxd5 14. a4 Qb6
15. O-O Bb4 16. Bxb4 Nxb4 17. Rfd1 Be6 18. Rd4 O-O 19. Nc4 Bxc4 20. Rdxc4 Nd3 21.
Rb1 Nxb2 22. Rc2 Rac8 23. Rbc1 Rxc2 24. Rxc2 Qb3 25. Rc1 Rd8 26. h3 Rd1+ 27. Rxd1
Qxd1+ 28. Kh2 Qd2 29. Kg3 Nd3 30. f4 Qxe3+ 31. Kg4 Qxf4+ 32. Kh5 g6#  0-1

[Event "British Chess Championships 2023: Weekend Tournament Penrose"]
[Site "De Montfort University, 20 Western Boulevard, Leicester, LE2 7BU"]
[Date "2023.07.22"]
[Round "2"]
[Board "26"]
[White "Bowman, Richard L"]
[Black "Karia, Kamlesh"]
[Result "1/2-1/2"]
[WhiteElo "1807"]
[BlackElo "1560"]
[PlyCount "89"]
[EventDate "2023.07.21"]
[EventRounds "5"]
[EventCountry "ENG"]

1. d4 g6 2. c4 Bg7 3. e4 c5 4. d5 d6 5. Nc3 Nf6 6. Be2 Na6 7. Be3 Nc7 8. Qd2 Ng4
9. Bxg4 Bxg4 10. f3 Bd7 11. Nge2 a6 12. a4 Rb8 13. Bh6 O-O 14. h4 f5 15. h5 Qe8 16.
Bxg7 Kxg7 17. hxg6 Qxg6 18. Nf4 Qg3+ 19. Ke2 Kf7 20. Rxh7+ Ke8 21. Rh3 Qg7 22. Rah1
fxe4 23. Nxe4 Bxh3 24. Rxh3 Rxf4 25. Qxf4 Qxg2+ 26. Nf2 Qg7 27. Rg3 Qh7 28. Qg4 Kd8
29. Rh3 Qf7 30. Ne4 Qe8 31. Qg7 Qxa4 32. Rh7 Qxc4+ 33. Ke1 Nxd5 34. Nc3 Qb4 35. Qg8+
Kd7 36. Qxd5 Qxb2 37. Ne4 Qa1+ 38. Ke2 Qb2+ 39. Kf1 Qa1+ 40. Kg2 Qb2+ 41. Kh3 Qe5
42. Nxc5+ Kc7 43. Ne6+ Kd7 44. Nc5+ Kc7 45. Ne6+  1/2-1/2

[Event "British Chess Championships 2023: Weekend Tournament Penrose"]
[Site "De Montfort University, 20 Western Boulevard, Leicester, LE2 7BU"]
[Date "2023.07.22"]
[Round "2"]
[Board "27"]
[White "Staniland, Philip"]
[Black "Cave, Nathan"]
[Result "1-0"]
[WhiteElo "1908"]
[BlackElo "1717"]
[PlyCount "107"]
[EventDate "2023.07.21"]
[EventRounds "5"]
[EventCountry "ENG"]

1. d4 Nf6 2. Nc3 b6 3. Bf4 Bb7 4. e3 e6 5. a3 Be7 6. h3 O-O 7. Nf3 d6 8. Bd3 c5 9.
O-O cxd4 10. exd4 d5 11. Ne5 Nc6 12. Nxc6 Bxc6 13. Qf3 a6 14. Rfe1 b5 15. Ne2 Ne4
16. Ng3 f5 17. c3 Bg5 18. Qe3 Bxf4 19. Qxf4 Ra7 20. f3 Nxg3 21. Qxg3 Qf6 22. f4 Kh8
23. Qe3 Re7 24. Qe5 Qxe5 25. Rxe5 h6 26. Rae1 Bd7 27. Rxd5 exd5 28. Rxe7 Bc8 29.
Re5 g5 30. fxg5 hxg5 31. Rxd5 g4 32. hxg4 fxg4 33. Kh2 Kg7 34. Kg3 Re8 35. Re5 Rf8
36. Be2 Rg8 37. Rg5+ Kf8 38. Rxg8+ Kxg8 39. Bxg4 Bb7 40. Bf3 Bc8 41. Kf4 Kf8 42.
Ke5 Ke7 43. b4 Ke8 44. Kd6 Kd8 45. Bc6 a5 46. Bxb5 Bd7 47. Bxd7 axb4 48. Be6 bxc3
49. Bf5 Ke8 50. a4 Kf7 51. a5 Kf6 52. g4 Kg5 53. a6 Kf4 54. a7  1-0

[Event "British Chess Championships 2023: Weekend Tournament Penrose"]
[Site "De Montfort University, 20 Western Boulevard, Leicester, LE2 7BU"]
[Date "2023.07.22"]
[Round "2"]
[Board "28"]
[White "Fernando, Manel"]
[Black "Hirst, Joe Aj"]
[Result "0-1"]
[WhiteElo "1627"]
[BlackElo "1902"]
[PlyCount "152"]
[EventDate "2023.07.21"]
[EventRounds "5"]
[EventCountry "ENG"]

1. d4 f5 2. Bf4 Nf6 3. e3 e6 4. Nf3 b6 5. Bd3 Bb7 6. Nbd2 Bd6 7. Bg5 h6 8. Bh4 g5
9. Bg3 Qe7 10. Qe2 Nc6 11. Nc4 Bxg3 12. hxg3 O-O-O 13. a3 d6 14. O-O-O Ne4 15. Rh2
Qf6 16. Ncd2 d5 17. Ba6 e5 18. Nb3 exd4 19. Bxb7+ Kxb7 20. Nbxd4 Nxd4 21. Rxd4 c5
22. Rd1 g4 23. Nd2 Qe6 24. Nb3 a6 25. a4 Qd7 26. a5 Qb5 27. Qe1 bxa5 28. f3 a4 29.
fxe4 axb3 30. exf5 bxc2 31. Rd2 Qa5 32. Qe2 Qa1+ 33. Kxc2 Qa4+ 34. Kb1 Qe4+ 35. Qd3
Qxd3+ 36. Rxd3 Kc6 37. Kc2 Rdf8 38. Rh5 Rf6 39. Ra3 Kb6 40. Kd3 Re8 41. Ra4 c4+ 42.
Kd4 Kb5 43. Ra1 Rd6 44. Re1 Kb4 45. e4 dxe4+ 46. Ke3 Rd3+ 47. Kf4 e3 48. Rxh6 Rd4+
49. Kg5 Rde4 50. Rxa6 e2 51. Rb6+ Kc5 52. Re6 R8xe6 53. fxe6 Rxe6 54. Kxg4 Kd4 55.
Kf5 Re8 56. g4 Kd3 57. g5 Kd2 58. Rxe2+ Kxe2 59. g6 Kd2 60. g7 Kc2 61. Kf6 Kxb2 62.
Kf7 Ra8 63. g4 c3 64. g8=Q Rxg8 65. Kxg8 c2 66. g5 c1=Q 67. g6 Qg5 68. g7 Kc3 69.
Kh8 Qh6+ 70. Kg8 Kd4 71. Kf7 Qf4+ 72. Kg6 Qd6+ 73. Kf7 Qd7+ 74. Kg6 Qe8+ 75. Kg5
Qg8 76. Kg6 Ke5  0-1

[Event "British Chess Championships 2023: Weekend Tournament Penrose"]
[Site "De Montfort University, 20 Western Boulevard, Leicester, LE2 7BU"]
[Date "2023.07.22"]
[Round "2"]
[Board "29"]
[White "Lataille, Matthias"]
[Black "Singha, Swati"]
[Result "0-1"]
[WhiteElo "1797"]
[BlackElo "1707"]
[PlyCount "54"]
[EventDate "2023.07.21"]
[EventRounds "5"]
[EventCountry "ENG"]

1. e4 e5 2. Bc4 Nc6 3. Nc3 Nf6 4. d3 Na5 5. Bb3 Nxb3 6. axb3 Bb4 7. Nf3 d5 8. O-O
d4 9. Ne2 Bd6 10. h3 h6 11. c3 dxc3 12. bxc3 g5 13. Nd2 g4 14. Kh2 gxh3 15. gxh3
Ng4+ 16. Kg2 Rg8 17. Ng3 Ne3+ 18. fxe3 Qh4 19. Kf2 Qxg3+ 20. Ke2 Qxh3 21. Rf2 Bg4+
22. Nf3 Bxf3+ 23. Rxf3 Rg2+ 24. Rf2 Qg4+ 25. Ke1 Rg1+ 26. Rf1 Rxf1+ 27. Kxf1 Qxd1+
 0-1

[Event "British Chess Championships 2023: Weekend Tournament Penrose"]
[Site "De Montfort University, 20 Western Boulevard, Leicester, LE2 7BU"]
[Date "2023.07.22"]
[Round "2"]
[Board "30"]
[White "Venn, Hiren"]
[Black "Pradhan, Ayan"]
[Result "0-1"]
[WhiteElo "1795"]
[BlackElo "1692"]
[PlyCount "73"]
[EventDate "2023.07.21"]
[EventRounds "5"]
[EventCountry "ENG"]

1. d4 Nf6 2. c4 e6 3. Nf3 d5 4. g3 Be7 5. Bg2 O-O 6. O-O Nbd7 7. Qc2 b6 8. Ne5 Bb7
9. cxd5 exd5 10. Nc3 c5 11. Rd1 cxd4 12. Nxd7 dxc3 13. Nxf8 cxb2 14. Bxb2 Bxf8 15.
e3 Be7 16. Rd2 Bb4 17. Rd4 Rc8 18. Qb3 Bc5 19. Rdd1 Qe7 20. Bxf6 Qxf6 21. Bxd5 Bxd5
22. Rxd5 Qxa1+ 23. Kg2 Qf6 24. a4 g6 25. h3 Qe6 26. Qd3 Qc6 27. Kh2 Qxa4 28. Rd7
b5 29. Qd5 Qc4 30. Qb7 Rf8 31. Rc7 a5 32. Qc6 b4 33. h4 h5 34. Qf6 Qe6 35. Qg5 Qf5
36. Rxc5 Qxg5 37. Rxg5  0-1

[Event "British Chess Championships 2023: Weekend Tournament Penrose"]
[Site "De Montfort University, 20 Western Boulevard, Leicester, LE2 7BU"]
[Date "2023.07.22"]
[Round "2"]
[Board "31"]
[White "Ball, Matthew P"]
[Black "Ng, Stephen"]
[Result "1/2-1/2"]
[WhiteElo "1778"]
[BlackElo "1618"]
[PlyCount "78"]
[EventDate "2023.07.21"]
[EventRounds "5"]
[EventCountry "ENG"]

1. Nf3 d5 2. c4 Nf6 3. cxd5 Nxd5 4. e4 Nb6 5. d4 e6 6. Be3 N8d7 7. a4 a5 8. Nc3 Bb4
9. Bg5 Be7 10. Be3 O-O 11. Rc1 c6 12. Bd3 Nf6 13. O-O h6 14. Qb3 Nbd7 15. Rfd1 Ng4
16. Bf4 Ngf6 17. Bb1 Re8 18. Qc2 Nf8 19. d5 exd5 20. exd5 Nxd5 21. Nxd5 cxd5 22.
Bc7 Qd7 23. Ba2 Qf5 24. Qxf5 Bxf5 25. Bxd5 Ne6 26. Bb6 Nf4 27. Bc4 Bb4 28. Be3 Ng6
29. Bb5 Red8 30. h3 Be4 31. Bb6 Rxd1+ 32. Rxd1 Bxf3 33. gxf3 Rc8 34. Rd8+ Rxd8 35.
Bxd8 Nf4 36. Bd7 Nd3 37. b3 Nc5 38. Bc8 Nxb3 39. Bxb7 Nc5  1/2-1/2

[Event "British Chess Championships 2023: Weekend Tournament Penrose"]
[Site "De Montfort University, 20 Western Boulevard, Leicester, LE2 7BU"]
[Date "2023.07.22"]
[Round "2"]
[Board "32"]
[White "Mckenna, Joshua"]
[Black "Di-Vetta, Andrew"]
[Result "0-1"]
[WhiteElo "1600"]
[BlackElo "1776"]
[PlyCount "58"]
[EventDate "2023.07.21"]
[EventRounds "5"]
[EventCountry "ENG"]

1. e4 c5 2. c3 d5 3. exd5 Qxd5 4. d4 cxd4 5. cxd4 Nc6 6. Nf3 Bg4 7. Nc3 Qa5 8. Be2
Nf6 9. O-O e6 10. Ne5 Bxe2 11. Qxe2 Nxd4 12. Qe1 Nc2 13. Qe2 Nxa1 14. Bf4 Nd5 15.
Nxd5 Qxd5 16. Rd1 Qa5 17. Rxa1 Be7 18. Bd2 Qd5 19. Bc3 Rd8 20. Qg4 Bf6 21. Qa4+ b5
22. Qc2 Bxe5 23. Bxe5 Qxe5 24. g3 O-O 25. Rc1 Qd5 26. a3 Qd2 27. Qc5 Qxb2 28. Rc2
Qd4 29. Qc7 Qa1+  0-1

[Event "British Chess Championships 2023: Weekend Tournament Penrose"]
[Site "De Montfort University, 20 Western Boulevard, Leicester, LE2 7BU"]
[Date "2023.07.22"]
[Round "2"]
[Board "33"]
[White "Thornley, Oliver"]
[Black "Diniz Afonso, Davi"]
[Result "1/2-1/2"]
[WhiteElo "1759"]
[BlackElo "1615"]
[PlyCount "106"]
[EventDate "2023.07.21"]
[EventRounds "5"]
[EventCountry "ENG"]

1. e4 e5 2. f4 d5 3. Nf3 exf4 4. exd5 Nf6 5. Nc3 Nxd5 6. Nxd5 Qxd5 7. d4 Be7 8. Bd3
Qd6 9. O-O Nc6 10. c3 Be6 11. a4 g5 12. h4 g4 13. Ng5 Bxg5 14. hxg5 f3 15. Qe1 O-O-O
16. gxf3 Nxd4 17. Be4 Nxf3+ 18. Bxf3 gxf3 19. Rxf3 Bd5 20. Rf6 Qd7 21. Qh4 h6 22.
gxh6 Rhg8+ 23. Bg5 Qe7 24. Qf4 Qc5+ 25. Kh2 Be6 26. Rg1 Rd3 27. Rxe6 fxe6 28. Qf7
Rf8 29. Qxe6+ Kb8 30. Qe7 Rd2+ 31. Rg2 Rxg2+ 32. Kxg2 Qf2+ 33. Kh3 Rf3+ 34. Kg4 Qg2+
35. Kh5 Rh3+ 36. Kg6 Qc2+ 37. Kg7 b6 38. Qe8+ Kb7 39. Qg6 Qxb2 40. Bf6 Qh2 41. Qe4+
Kb8 42. Be5 Qg1+ 43. Qg6 Qc5 44. Qe6 Qg1+ 45. Kh8 Re3 46. h7 Qe1 47. Qg8+ Kb7 48.
Qd5+ Kb8 49. Qd8+ Kb7 50. Qxc7+ Ka6 51. Qc4+ Kb7 52. Qd5+ Ka6 53. Qb5+ Kb7  1/2-1/2

[Event "British Chess Championships 2023: Weekend Tournament Penrose"]
[Site "De Montfort University, 20 Western Boulevard, Leicester, LE2 7BU"]
[Date "2023.07.22"]
[Round "3"]
[Board "1"]
[White "Banerji, Kumar"]
[Black "Llewellyn, Julian D"]
[Result "0-1"]
[WhiteElo "1805"]
[BlackElo "1950"]
[PlyCount "0"]
[EventDate "2023.07.21"]
[EventRounds "5"]
[EventCountry "ENG"]

1. e4 c6 2. d4 d5 3. Nc3 dxe4 4. Nxe4 Nf6 5. Nxf6+ exf6 6. Nf3 Bd6 7. Bd3 Bg4 8.
O-O O-O 9. c4 Re8 10. Be3 Nd7 11. Re1 Nf8 12. h3 Bh5 13. Be2 Qc7 14. Qb3 Ne6 15.
c5 Bf4 16. Bxf4 Nxf4 17. Bd1 Rad8 18. Rc1 Ne6 19. Qa4 a6 20. Nh2 Bg6 21. Bc2 Qf4
22. Bxg6 hxg6 23. Rc4 Rd5 24. Qb4 Re7 25. Nf3 Red7 26. Rd1 g5 27. Qc3 g4 28. hxg4
Qxg4 29. g3 Ng5 30. Kg2 Rf5 31. Rd3 Qh3+ 32. Kg1 Nxf3+ 33. Rxf3 Rh5 34. Rxf6 Qh1#
 0-1

[Event "British Chess Championships 2023: Weekend Tournament Penrose"]
[Site "De Montfort University, 20 Western Boulevard, Leicester, LE2 7BU"]
[Date "2023.07.22"]
[Round "3"]
[Board "2"]
[White "Wastney, Dylan"]
[Black "Colclough, Ryan"]
[Result "1/2-1/2"]
[WhiteElo "1893"]
[BlackElo "1795"]
[PlyCount "0"]
[EventDate "2023.07.21"]
[EventRounds "5"]
[EventCountry "ENG"]

1. e4 e5 2. Nf3 Nc6 3. Bb5 Nf6 4. d3 Bc5 5. O-O Nd4 6. Nxd4 Bxd4 7. c3 Bb6 8. Bg5
h6 9. Bh4 c6 10. Ba4 g5 11. Bg3 d6 12. Re1 Be6 13. d4 Qc7 14. Qf3 Ke7 15. dxe5 dxe5
16. Bb3 Bd7 17. Nd2 Rad8 18. Qd1 Bg4 19. Qc2 Nh5 20. Nc4 Nxg3 21. hxg3 h5 22. Ne3
Bxe3 23. Rxe3 Qb6  1/2-1/2

[Event "British Chess Championships 2023: Weekend Tournament Penrose"]
[Site "De Montfort University, 20 Western Boulevard, Leicester, LE2 7BU"]
[Date "2023.07.22"]
[Round "3"]
[Board "3"]
[White "Vadalia, Jainill"]
[Black "Honarvarmahalati, Hooman"]
[Result "1-0"]
[WhiteElo "1586"]
[BlackElo "1862"]
[PlyCount "0"]
[EventDate "2023.07.21"]
[EventRounds "5"]
[EventCountry "ENG"]

1. d4 Nf6 2. c4 e6 3. Nf3 d5 4. g3 Bb4+ 5. Bd2 Be7 6. Bg2 b6 7. O-O Bb7 8. cxd5 exd5
9. Nc3 a6 10. Rc1 Nbd7 11. e3 O-O 12. Qb3 c5 13. a4 Bd6 14. Rfd1 c4 15. Qc2 Re8 16.
b3 Rc8 17. bxc4 Rxc4 18. Qd3 Qc7 19. Be1 Bb4 20. Na2 Bxe1 21. Rxe1 b5 22. Nd2 Rxc1
23. Rxc1 Qa5 24. Qc3 Qxa4 25. Qb3 Qa5 26. Nb4 Nb6 27. Rc7 Nc4 28. Rxb7 Nxd2 29. Qc3
Nde4 30. Bxe4 Nxe4 31. Qc7 Qa1+ 32. Kg2 Rf8 33. Nxd5 Qe1 34. Qf4 Nd2 35. Ne7+ Kh8
36. h4 Qf1+ 37. Kh2 h6 38. Ng6+  1-0